Patología general y anatomía patológica / (Record no. 56738)

MARC details
000 -LEADER
campo de control de longitud fija 00634nam a2200181 i 4500
001 - NÚMERO DE CONTROL
campo de control 56738
003 - IDENTIFICADOR DE NÚMERO DE CONTROL
campo de control ES-MaACL
005 - FECHA Y HORA DE LA ÚLTIMA TRANSACCIÓN
campo de control 20230906163432.0
007 - CAMPO FIJO DE DESCRIPCIÓN FÍSICA--INFORMACIÓN GENERAL
campo de control de longitud fija t|
008 - DATOS DE LONGITUD FIJA--INFORMACIÓN GENERAL
campo de control de longitud fija 031013m19411943sp ||||1| spa d
100 1# - ENTRADA PRINCIPAL--NOMBRE DE PERSONA
Nombre de persona Dietrich, Albert.
9 (RLIN) 44620
245 10 - MENCIÓN DEL TÍTULO
Título Patología general y anatomía patológica /
Mención de responsabilidad, etc. compendio por el Dr. Albert Dietrich ; versión de la [5ª edición] alemana por L. Damians y [Antonio Juamandreu].
260 ## - PUBLICACIÓN, DISTRIBUCIÓN, ETC.
Lugar de publicación, distribución, etc. Barcelona :
Nombre del editor, distribuidor, etc. Francisco Seix,
Fecha de publicación, distribución, etc. 1941-1943.
300 ## - DESCRIPCIÓN FÍSICA
Extensión 2 v. :
Otras características físicas il. ;
Dimensiones 25 cm.
700 1# - ENTRADA AGREGADA--NOMBRE PERSONAL
Nombre de persona Damians, L.
9 (RLIN) 42571
700 1# - ENTRADA AGREGADA--NOMBRE PERSONAL
Nombre de persona Juamandreu, Antonio.
9 (RLIN) 67087
852 ## - LOCALIZACIÓN
Ubicación ES-MaACL
Número de control de estantería E-122-23
Sublocalización o colección R.20569
Holdings
Estatus retirado Estado de pérdida Estado de daño No para préstamo Biblioteca de origen Biblioteca actual Ubicación en estantería Fecha de adquisición Fuente de adquisición Total de préstamos Signatura topográfica completa Código de barras Visto por última vez Precio de reemplazo Tipo de ítem Koha
        Biblioteca del Ateneo de Madrid Biblioteca del Ateneo de Madrid Depósito 2 17/01/2008     E-122-23 1059580 23/02/2023 23/02/2023 Libro impreso